[Event "GER-chT DLM U20"]
[Site "Wismar"]
[Date "2009.10.01"]
[Round "4"]
[White "Mueller, Alexandra"]
[Black "Siegert, Gregor"]
[Result "1-0"]
[WhiteElo "1713"]
[BlackElo "1435"]
[PlyCount "95"]
[EventDate "2009.09.30"]
[EventType "team-swiss"]
[EventRounds "7"]
[EventCountry "GER"]
[SourceTitle "CBM 132 Extra"]
[Source "ChessBase"]
[SourceDate "2009.11.03"]
[SourceVersion "1"]
[SourceVersionDate "2009.11.03"]
[SourceQuality "1"]
[WhiteTeam "Sachsen Anhalt U20"]
[BlackTeam "Mecklenburg-Vorpommern U20 II"]
[WhiteTeamCountry "GER"]
[BlackTeamCountry "GER"]

1. e4 c5 2. Nf3 d6 3. d4 cxd4 4. Nxd4 Nf6 5. Nc3 a6 6. Be3 e6 7. Be2 Nbd7 8. Nb3 Be7 9. 0-0 0-0 10. a4 b6 11. f4 Bb7 12. Bf3 Qc7 13. Kh1 Rac8 14. Qe1 Rfd8 15. Qg3 d5 16. exd5 Nxd5 17. Nxd5 Bxd5 18. Bxd5 exd5 19. Nd4 Nf6 20. Nf5 Bf8 21. c3 Ne4 22. Qh4 Re8 23. Bd4 Re6 24. Be5 Qd7 25. Qg4 f6 26. Bd4 Kh8 27. Rf3 Rce8 28. Rff1 Bc5 29. Bg1 Bxg1 30. Kxg1 Nd6 31. Nd4 R6e7 32. Qf3 Nc4 33. Qf2 h6 34. b3 Ne3 35. Rfe1 Qg4 36. h3 Qg6 37. Nc6 Re4 38. Nd4 Nxg2 39. f5 Qg5 40. Rxe4 Nf4+ 41. Kh2 Rxe4 42. Rg1 Qh5 43. Qg3 Qf7 44. Rf1 Ne2 45. Qb8+ Kh7 46. Ne6 Rh4 47. Nf8+ Kg8 48. Ng6+ 1-0

[Event "GER-ch U16 Girls"]
[Site "Willingen"]
[Date "2009.06.02"]
[Round "5"]
[White "Mueller, Alexandra"]
[Black "Nguyen Minh, Thuy"]
[Result "1/2-1/2"]
[WhiteElo "1561"]
[BlackElo "1862"]
[PlyCount "97"]
[EventDate "2009.05.30"]
[EventType "swiss"]
[EventRounds "9"]
[EventCountry "GER"]
[SourceTitle "EXT 2010"]
[Source "ChessBase"]
[SourceDate "2010.11.25"]
[SourceVersion "1"]
[SourceVersionDate "2010.11.25"]
[SourceQuality "1"]

1. e4 c5 2. Nf3 d6 3. d4 cxd4 4. Nxd4 Nf6 5. Nc3 a6 6. Be2 e5 7. Nb3 Be7 8. Be3 Be6 9. f3 Nbd7 10. Qd2 0-0 11. 0-0-0 b5 12. Bd3 b4 13. Ne2 a5 14. Kb1 Qb8 15. g4 a4 16. Nbc1 b3 17. cxb3 axb3 18. a3 Rc8 19. g5 Ne8 20. f4 exf4 21. Bxf4 Nc5 22. Nd4 Nxd3 23. Qxd3 Bc4 24. Qe3 Ra6 25. Nce2 Qb7 26. Nc3 d5 27. exd5 Bxa3 28. bxa3 Rxa3 29. Kb2 Ra6 30. Ra1 Rb6 31. Rhe1 Kf8 32. Nc6 Bxd5 33. Qe7+ Qxe7 34. Nxe7 Rxc3 35. Kxc3 b2 36. Rab1 Be6 37. Rxb2 Rxb2 38. Kxb2 Kxe7 39. Kc3 f6 40. gxf6+ Kxf6 41. Kd4 Kf7 42. Ra1 Nf6 43. Ra7+ Kg6 44. Be5 Nh5 45. Kc5 Nf6 46. Kd6 Bf5 47. Ke7 Ng4 48. Bg3 Nf6 49. Kf8 1/2-1/2

[Event "GER-chT Lands U20"]
[Site "Dresden"]
[Date "2008.11.17"]
[Round "6.8"]
[White "Mueller, Alexandra"]
[Black "Lagunow, Elina"]
[Result "1-0"]
[WhiteElo "1532"]
[BlackElo "1683"]
[PlyCount "93"]
[EventDate "2008.11.14"]
[EventType "team-swiss"]
[EventRounds "7"]
[EventCountry "GER"]
[SourceTitle "EXT 2010"]
[Source "ChessBase"]
[SourceDate "2010.11.25"]
[SourceVersion "1"]
[SourceVersionDate "2010.11.25"]
[SourceQuality "1"]
[WhiteTeam "Sachsen Anhalt"]
[BlackTeam "Berlin"]
[WhiteTeamCountry "GER"]
[BlackTeamCountry "GER"]

1. e4 e5 2. Nf3 Nc6 3. Bc4 Nf6 4. d3 Be7 5. c3 d6 6. Bb3 0-0 7. 0-0 Kh8 8. Re1 Ng8 9. d4 Bg4 10. d5 Nb8 11. Bc2 c6 12. dxc6 Nxc6 13. h3 Be6 14. Be3 Qd7 15. Kh2 Rad8 16. Qd3 f5 17. exf5 Bxf5 18. Qe2 Nf6 19. Bxf5 Qxf5 20. Nbd2 d5 21. Nb3 Bd6 22. Kg1 Ne4 23. c4 Bb4 24. Rf1 d4 25. Bc1 Nf6 26. a3 Be7 27. Rd1 Nh5 28. Re1 Bd6 29. Qe4 Qf7 30. Qc2 Nf4 31. Bxf4 Qxf4 32. Nc1 Rde8 33. Re4 Qf5 34. Qe2 Re7 35. Nd3 Rfe8 36. Re1 a6 37. c5 Bc7 38. b4 g5 39. a4 h5 40. b5 axb5 41. axb5 g4 42. hxg4 hxg4 43. Nh4 Qf6 44. Rxg4 e4 45. Ng6+ Kh7 46. Nxe7 exd3 47. Qxd3+ 1-0

[Event "GER-chT Lands U20"]
[Site "Dresden"]
[Date "2008.11.14"]
[Round "2.8"]
[White "Mueller, Alexandra"]
[Black "Bluhm, Sonja Maria"]
[Result "1/2-1/2"]
[WhiteElo "1532"]
[BlackElo "1636"]
[PlyCount "99"]
[EventDate "2008.11.14"]
[EventType "team-swiss"]
[EventRounds "7"]
[EventCountry "GER"]
[SourceTitle "EXT 2010"]
[Source "ChessBase"]
[SourceDate "2010.11.25"]
[SourceVersion "1"]
[SourceVersionDate "2010.11.25"]
[SourceQuality "1"]
[WhiteTeam "Sachsen Anhalt"]
[BlackTeam "Hessen"]
[WhiteTeamCountry "GER"]
[BlackTeamCountry "GER"]

1. e4 e5 2. Nf3 Nc6 3. Bc4 Nf6 4. d3 Bc5 5. c3 a6 6. Bb3 Ba7 7. 0-0 d6 8. Nbd2 Ne7 9. Re1 Ng6 10. Nf1 0-0 11. Ng3 h6 12. d4 Re8 13. h3 c6 14. Qd3 Bd7 15. Be3 c5 16. dxc5 dxc5 17. Rad1 Qc7 18. Qd6 Qxd6 19. Rxd6 Bc6 20. Bc2 Nf4 21. Red1 N4h5 22. Nxh5 Nxh5 23. Nh4 Nf6 24. f3 c4 25. Bxa7 Rxa7 26. Rd8 Ra8 27. Rxa8 Rxa8 28. Nf5 Be8 29. Nd6 b5 30. Nxe8 Rxe8 31. Rd6 Ra8 32. Kf2 Kf8 33. Ke3 Ke7 34. Rd2 Nh5 35. h4 Nf4 36. g3 Nh5 37. Kf2 Rc8 38. a4 Nf6 39. g4 g5 40. h5 Rc6 41. Ke3 Rc5 42. Rd1 Nd7 43. axb5 axb5 44. Ra1 Rc6 45. Kd2 Kf6 46. Ra8 Rb6 47. Rh8 Ke7 48. Rc8 Rd6+ 49. Ke2 Ra6 50. Kd2 1/2-1/2

[Event "GER-ch U12"]
[Site "Willingen"]
[Date "2008.05.16"]
[Round "10"]
[White "Mueller, Alexandra"]
[Black "Takeuchi, Eiki"]
[Result "0-1"]
[WhiteElo "1532"]
[BlackElo "1778"]
[PlyCount "38"]
[EventDate "2008.05.11"]
[EventType "swiss"]
[EventRounds "11"]
[EventCountry "GER"]
[SourceTitle "CBM 124 Extra"]
[Source "ChessBase"]
[SourceDate "2008.07.03"]
[SourceVersion "1"]
[SourceVersionDate "2008.07.03"]
[SourceQuality "1"]

1. e4 e6 2. d4 d5 3. Nd2 Be7 4. Bd3 c5 5. c3 cxd4 6. cxd4 dxe4 7. Nxe4 Nd7 8. Nf3 Ngf6 9. 0-0 0-0 10. Bf4 b6 11. Rc1 Bb7 12. Bc7 Qe8 13. Nd6 Bxd6 14. Bxd6 Nd5 15. Bxf8 Qxf8 16. Re1 Qd6 17. Ne5 N7f6 18. f3 Qb4 19. Qd2 Qxd2 0-1

[Event "GER-ch U12"]
[Site "Willingen"]
[Date "2008.05.14"]
[Round "7"]
[White "Noe, Christopher"]
[Black "Mueller, Alexandra"]
[Result "1-0"]
[WhiteElo "1877"]
[BlackElo "1532"]
[PlyCount "107"]
[EventDate "2008.05.11"]
[EventType "swiss"]
[EventRounds "11"]
[EventCountry "GER"]
[SourceTitle "CBM 124 Extra"]
[Source "ChessBase"]
[SourceDate "2008.07.03"]
[SourceVersion "1"]
[SourceVersionDate "2008.07.03"]
[SourceQuality "1"]

1. e4 e5 2. c4 Bc5 3. Nc3 Nf6 4. g3 d6 5. h3 0-0 6. Bg2 Nc6 7. Nge2 Be6 8. d3 h6 9. 0-0 Qd7 10. Kh2 Nd4 11. f4 Qe7 12. Rb1 a6 13. b4 Ba7 14. a4 Nxe2 15. Nxe2 Rfe8 16. Bb2 Bd7 17. f5 c5 18. b5 axb5 19. axb5 Bb6 20. Ra1 Kh7 21. Qd2 Rec8 22. Bf3 Qd8 23. g4 Ne8 24. Kg3 Qe7 25. h4 Bd8 26. Rh1 g6 27. Nc3 Qf8 28. Rag1 Qg7 29. Kf2 Qf8 30. Bd1 Qg7 31. Bb3 Qf8 32. Nd1 Qg7 33. Ne3 Qf8 34. Ke2 Qg7 35. Qe1 Qf8 36. Qf2 Qg8 37. Qf3 Qf8 38. fxg6+ Kxg6 39. g5 h5 40. Rh2 Nc7 41. Kf1 Ne8 42. Rf2 Qe7 43. Kg2 Qf8 44. Rgf1 Be6 45. Nd5 Rcb8 46. Bd1 Bg4 47. Qe3 Be6 48. Kh1 Ra2 49. Bb3 Raa8 50. Bd1 Ra2 51. Nf6 Nxf6 52. gxf6 Qh6 53. Qxh6+ Kxh6 54. Bc1+ 1-0

[Event "GER-ch U12"]
[Site "Willingen"]
[Date "2008.05.12"]
[Round "3"]
[White "Stahnecker, Ludwig"]
[Black "Mueller, Alexandra"]
[Result "1-0"]
[WhiteElo "1694"]
[BlackElo "1532"]
[PlyCount "117"]
[EventDate "2008.05.11"]
[EventType "swiss"]
[EventRounds "11"]
[EventCountry "GER"]
[SourceTitle "CBM 124 Extra"]
[Source "ChessBase"]
[SourceDate "2008.07.03"]
[SourceVersion "1"]
[SourceVersionDate "2008.07.03"]
[SourceQuality "1"]

1. e4 e5 2. Nf3 Nc6 3. Bb5 Nf6 4. 0-0 Nxe4 5. d4 Nd6 6. Bxc6 dxc6 7. Nxe5 Be7 8. Bf4 Nf5 9. c3 0-0 10. Qe2 Bd6 11. Nd3 Re8 12. Qc2 Be6 13. Nd2 Ne7 14. Bxd6 cxd6 15. Ne4 Bf5 16. Ng3 Bg6 17. Qd2 Bxd3 18. Qxd3 d5 19. b3 Qd7 20. Rae1 Ng6 21. Qd2 a6 22. f4 f6 23. f5 Nh8 24. Qf4 Nf7 25. Nh5 Qd6 26. Qg4 Qf8 27. Nxf6+ Kh8 28. Rxe8 Rxe8 29. Nxe8 Qxe8 30. Kf2 Nh6 31. Qf4 Qe4 32. Qxe4 dxe4 33. Ke3 Kg8 34. Kxe4 Kf7 35. h3 Kf6 36. h4 Nf7 37. g4 h6 38. Rg1 b6 39. Kf4 g5+ 40. fxg6 Kxg6 41. Re1 Kf6 42. c4 a5 43. d5 cxd5 44. cxd5 Nd8 45. g5+ hxg5+ 46. hxg5+ Kf7 47. Kf5 Nb7 48. g6+ Kf8 49. g7+ Kxg7 50. Re7+ Kf8 51. Rxb7 a4 52. d6 axb3 53. axb3 b5 54. Ke6 b4 55. d7 Kg7 56. d8Q+ Kg6 57. Qd5 Kh6 58. Qg2 Kh5 59. Rh7# 1-0

[Event "GER-ch U12"]
[Site "Willingen"]
[Date "2007.06.01"]
[Round "9"]
[White "Mueller, Alexandra"]
[Black "Schmalhorst, Sophia"]
[Result "0-1"]
[WhiteElo "1375"]
[BlackElo "1109"]
[PlyCount "154"]
[EventDate "2007.05.26"]
[EventType "swiss"]
[EventRounds "11"]
[EventCountry "GER"]
[SourceTitle "CBM 118 Extra"]
[Source "ChessBase"]
[SourceDate "2007.07.04"]
[SourceVersion "1"]
[SourceVersionDate "2007.07.04"]
[SourceQuality "1"]

1. e4 e5 2. Nf3 Nc6 3. Bc4 Bc5 4. c3 Nf6 5. d3 d6 6. h3 h6 7. Bb3 a6 8. 0-0 Be6 9. Bc2 0-0 10. Nbd2 Ba7 11. Re1 Ne7 12. Nf1 Ng6 13. Ng3 Qd7 14. Be3 Kh8 15. Qd2 Kh7 16. Kh2 Ng8 17. d4 Qe7 18. Nf5 Qd8 19. Ng3 N8e7 20. Red1 Qe8 21. a3 f5 22. exf5 Nxf5 23. Nxf5 Bxf5 24. Bxf5 Rxf5 25. Re1 Qf7 26. Re2 Re8 27. Rae1 e4 28. Ng1 d5 29. f3 c6 30. Qc2 Bb8+ 31. Kh1 Nh4 32. fxe4 Rxe4 33. Rf2 Bg3 34. Rxf5 Qxf5 35. Re2 Rxe3 36. Qxf5+ Nxf5 37. Rxe3 Nxe3 38. Ne2 Bh4 39. g3 Bf6 40. Kg1 g5 41. b4 Kg6 42. Kf2 Nc4 43. a4 b6 44. Nc1 Nb2 45. a5 bxa5 46. bxa5 Nc4 47. Nb3 Be7 48. Kf3 Kf5 49. g4+ Kg6 50. Ke2 h5 51. Kd3 Nb2+ 52. Kc2 Na4 53. Kd3 hxg4 54. hxg4 Kf6 55. Kd2 c5 56. Kc2 c4 57. Nc1 Bd8 58. Ne2 Bxa5 59. Kd2 Nb2 60. Ng1 Nd3 61. Nh3 Bc7 62. Kc2 a5 63. Kb1 Bd8 64. Ka2 Be7 65. Kb1 a4 66. Ka2 Ke6 67. Kb1 Kd7 68. Ka2 Kc6 69. Kb1 Kb5 70. Ka2 Nf4 71. Nf2 Ng2 72. Nd1 Ka5 73. Nf2 Bb4 74. Nd1 Nf4 75. cxb4+ Kxb4 76. Ne3 c3 77. Nc2+ Kc4 0-1

[Event "GER-ch U12"]
[Site "Willingen"]
[Date "2007.05.30"]
[Round "7"]
[White "Mueller, Alexandra"]
[Black "Kuckling, Hannah"]
[Result "0-1"]
[WhiteElo "1375"]
[BlackElo "1248"]
[PlyCount "102"]
[EventDate "2007.05.26"]
[EventType "swiss"]
[EventRounds "11"]
[EventCountry "GER"]
[SourceTitle "CBM 118 Extra"]
[Source "ChessBase"]
[SourceDate "2007.07.04"]
[SourceVersion "1"]
[SourceVersionDate "2007.07.04"]
[SourceQuality "1"]

1. e4 c5 2. Nf3 d6 3. d4 cxd4 4. Nxd4 Nf6 5. Nc3 g6 6. f3 Bg7 7. Be3 0-0 8. Bc4 Nc6 9. Qd2 Bd7 10. 0-0 Rc8 11. Bb3 Na5 12. Rfe1 Nc4 13. Bxc4 Rxc4 14. Rad1 Re8 15. Qf2 b6 16. Rd2 Qc8 17. Rc1 Qb7 18. Rd3 Rec8 19. Kh1 b5 20. Rd2 a5 21. h3 b4 22. Nd1 a4 23. Kg1 a3 24. b3 R4c7 25. Qf1 e5 26. Ne2 d5 27. exd5 Nxd5 28. Bf2 Bb5 29. Qe1 Bh6 30. f4 Bxe2 31. Rxd5 Qxd5 32. Qxe2 Bxf4 33. Ne3 Qe4 34. Qd2 Bxe3 35. Bxe3 Rxc2 36. Rxc2 Rxc2 37. Qd8+ Kg7 38. Qg5 f6 39. Qg3 Rxa2 40. Qf3 Qxf3 41. gxf3 Rb2 42. Bc1 Rb1 43. Kg2 Rxc1 44. Kg3 a2 45. f4 exf4+ 46. Kxf4 a1Q 47. Kg4 Qe5 48. Kf3 Rc3+ 49. Kf2 Qe3+ 50. Kf1 Qd2 51. h4 Rc1# 0-1

[Event "Saarbruecken-chT U20"]
[Site "Saarbruecken"]
[Date "2006.11.21"]
[Round "2.8"]
[White "Alt, Elisabeth"]
[Black "Mueller, Alexandra"]
[Result "0-1"]
[WhiteElo "839"]
[BlackElo "1172"]
[PlyCount "98"]
[EventDate "2006.11.??"]
[EventType "team-tourn"]
[EventRounds "7"]
[EventCountry "GER"]
[SourceTitle "EXT 2008"]
[Source "ChessBase"]
[SourceDate "2007.11.25"]
[SourceVersion "1"]
[SourceVersionDate "2007.11.25"]
[SourceQuality "1"]

1. e4 e5 2. Nf3 Nc6 3. Nc3 Nf6 4. Bc4 Bc5 5. d3 h6 6. Be3 Bb6 7. Qd2 d6 8. 0-0-0 Qe7 9. a3 Be6 10. Ba2 Bxe3 11. fxe3 0-0-0 12. Rhf1 Bxa2 13. Nxa2 Rd7 14. Nh4 Qf8 15. Nb4 Ne7 16. d4 Nxe4 17. Qd3 Nf6 18. Nf5 Nxf5 19. Qxf5 exd4 20. Rxd4 Qe7 21. e4 Re8 22. Re1 Qe5 23. Qxe5 Rxe5 24. Kd2 Kd8 25. Nd5 Nxd5 26. exd5 Rxe1 27. Kxe1 Ke7 28. Rb4 b6 29. Ra4 a5 30. Re4+ Kf6 31. Rf4+ Ke5 32. Rg4 f5 33. Rc4 Kxd5 34. Rf4 Ke5 35. g3 g5 36. Rc4 b5 37. Rc3 c5 38. Re3+ Kf6 39. Kd2 d5 40. c3 Rd6 41. b4 axb4 42. axb4 cxb4 43. cxb4 Re6 44. Rc3 Rb6 45. Rc5 Ke5 46. h3 Ke4 47. g4 f4 48. Ke2 d4 49. Rc1 Rd6 0-1

[Event "GER-ch U10"]
[Site "Willingen"]
[Date "2006.06.07"]
[Round "7"]
[White "Plotkin, Alex"]
[Black "Mueller, Alexandra"]
[Result "1-0"]
[WhiteElo "1364"]
[BlackElo "1149"]
[PlyCount "97"]
[EventDate "2006.06.04"]
[EventType "swiss"]
[EventRounds "11"]
[EventCountry "GER"]
[SourceTitle "EXT 2007"]
[Source "ChessBase"]
[SourceDate "2006.11.23"]
[SourceVersion "1"]
[SourceVersionDate "2006.11.23"]
[SourceQuality "1"]

1. e4 e5 2. Nf3 Nc6 3. Bb5 a6 4. Ba4 Nf6 5. 0-0 Bc5 6. c3 0-0 7. Re1 b5 8. Bb3 Bb6 9. d4 d6 10. h3 h6 11. a4 Bb7 12. Bc2 Re8 13. d5 Ne7 14. c4 bxc4 15. Na3 c6 16. dxc6 Nxc6 17. Nxc4 Bc7 18. b3 Nb4 19. Bb1 Nc6 20. Ba3 Re6 21. Ra2 Ne8 22. Rd2 Qe7 23. Ne3 Ba5 24. Nd5 Qf8 25. b4 Bd8 26. Ba2 Rb8 27. Re3 Rg6 28. Red3 Nc7 29. Ne3 Be7 30. Nc4 Rd8 31. b5 Nb8 32. Nxd6 Bxd6 33. Bxd6 Rdxd6 34. Rxd6 Rxd6 35. Rxd6 Ne6 36. Bxe6 fxe6 37. Rd8 Qxd8 38. Qxd8+ Kh7 39. Nxe5 axb5 40. h4 Bxe4 41. h5 Nc6 42. Nxc6 Bxc6 43. axb5 Bxb5 44. f4 Bc4 45. g4 g5 46. Qe7+ Kg8 47. fxg5 hxg5 48. h6 e5 49. Qg7# 1-0

[Event "GER-ch U10"]
[Site "Willingen"]
[Date "2006.06.04"]
[Round "2"]
[White "Mueller, Alexandra"]
[Black "Imgrunt, Philipp"]
[Result "1/2-1/2"]
[WhiteElo "1149"]
[BlackElo "982"]
[PlyCount "110"]
[EventDate "2006.06.04"]
[EventType "swiss"]
[EventRounds "11"]
[EventCountry "GER"]
[SourceTitle "EXT 2007"]
[Source "ChessBase"]
[SourceDate "2006.11.23"]
[SourceVersion "1"]
[SourceVersionDate "2006.11.23"]
[SourceQuality "1"]

1. e4 e5 2. Nf3 Nc6 3. Bc4 Nf6 4. Ng5 d5 5. exd5 Na5 6. d3 h6 7. Nf3 e4 8. dxe4 Nxc4 9. Nc3 Bb4 10. a3 Bxc3+ 11. bxc3 Nxe4 12. Qd4 Ncd6 13. c4 0-0 14. 0-0 b6 15. Re1 Re8 16. Bf4 c5 17. dxc6 Rf8 18. Bxd6 Nxd6 19. Rad1 Be6 20. Qxd6 Qxd6 21. Rxd6 Rac8 22. Nd2 Rfe8 23. h3 Red8 24. Rxd8+ Rxd8 25. Re2 Rc8 26. Re4 Rxc6 27. Rd4 a6 28. Kf1 b5 29. cxb5 axb5 30. a4 bxa4 31. Rxa4 Rxc2 32. Rd4 Kh7 33. Ke1 Bc8 34. Kd1 Rc6 35. Rc4 Rxc4 36. Nxc4 Bb7 37. g3 Bf3+ 38. Kd2 Bg2 39. h4 g5 40. hxg5 hxg5 41. Ke3 f6 42. Nd2 Kg6 43. f3 g4 44. Kf2 Bh1 45. Ke3 Kh5 46. Kf4 gxf3 47. Nxf3 Bxf3 48. Kxf3 Kg5 49. g4 Kh6 50. Kf4 Kg6 51. Kg3 Kg5 52. Kf3 Kg6 53. Kf4 Kg7 54. Kf5 Kf7 55. g5 fxg5 1/2-1/2